Regiony historyczne Polski - Statystyki

Ogólne statystyki
  • Ten quiz został rozwiązany 281 razy
    157 od ostatniego zresetowania
  • Średni wynik to 12 z 16
Statystyki odpowiedzi
Obrazkowy Odpowiedź % Poprawnych
Mazowsze
97%
Wielkopolska
96%
Małopolska
95%
Podlasie
94%
Śląsk
92%
Prusy/Mazury
85%
Pomorze Gdańskie/Pomorze Wschodnie
79%
Pomorze Zachodnie
78%
Kujawy
72%
Ziemia Kłodzka
71%
Łużyce
61%
Ruś Czerwona
58%
Ziemia Sieradzko-Łęczycka
53%
Ziemia Lubuska
51%
Brandenburgia
47%
Suwalszczyzna/Litewszczyzna
37%
Nie znaleziono quizów pasujących do podanych kryteriów
Rozkład punktacji
Procent ludzi z każdym wynikiem
Percentyl według liczby udzielonych odpowiedzi
Twoja historia wyników
Nie rozwiązałeś tego quizu od ostatniego zresetowania